Top ten most common human fears - Statistics

General Stats
  • This quiz has been taken 1,166 times
  • The average score is 4 of 10
Answer Stats
Hint Answer % Correct
9) Spiders
90%
3) Heights
77%
6) Death
69%
4) Dark
56%
1) Flying
33%
2) Public speaking
27%
7) Failure
13%
10) Commitment
6%
8) Rejection
5%
5) Intimacy
4%
No matching quizzes found
Score Distribution
Percent of People with Each Score
Percentile by Number Answered
Your Score History
You have not taken this quiz